Dr Who Episode Match! - Statistics

General Stats
  • This quiz has been taken 43 times
  • The average score is 16 of 32
Answer Stats
Hint Answer % Correct
Blink 10th
89%
Vincent and the Doctor 11th
75%
Let's Kill Hitler 11th
75%
The Fires of Pompeii 10th
72%
Mummy on the Orient Express 12th
72%
Doomsday 10th
61%
The Woman Who Fell to Earth 13th
61%
73 Yards 15th
61%
Bad Wolf 9th
61%
The Rings of Akhaten 11th
58%
Heaven Sent 12th
58%
Doctor Who (Film) 8th
58%
The Empty Child 9th
50%
Spyfall 13th
47%
An Unearthly Child 1st
47%
Wild Blue Yonder 14th
44%
The Daleks 1st
44%
Genesis of the Daleks 4th
44%
Lux 15th
42%
Shada 4th
42%
Dr Who and the Silurians 3rd
39%
The Sea Devils 3rd
39%
The Tomb of the Cybermen 2nd
36%
Extremis 12th
33%
The War Games 2nd
33%
Earthshock 5th
33%
The Ice Warriors 2nd
31%
Pyramids of Mars 4th
31%
The Caves of Androzani 5th
31%
Survival 7th
31%
The Mark of the Rani 6th
28%
The Keys of Marinus 1st
25%
No matching quizzes found
Score Distribution
Percent of People with Each Score
Percentile by Number Answered
Your Score History
You have not taken this quiz